New Hampshire Superlatives - Statistics

General Stats
  • This quiz has been taken 29 times
  • The average score is 8 of 12
Answer Stats
Hint Answer % Correct
All-Time Lowest Recorded Temperature (°F) -50°F (Mount Washington)
96%
Highest Point Mount Washington
96%
Largest City Manchester
92%
Busiest Airport Manchester-Boston Regional Airport
92%
Longest River Connecticut
88%
Largest Lake Lake Winnipesaukee
80%
Largest County (Area) Coös
72%
All-Time Highest Recorded Temperature (°F) 106°F (Nashua)
68%
Largest four-year college or university (by total enrollment, online and in person) Southern New Hampshire University
56%
Largest County (Population) Hillsborough
52%
Oldest continuously inhabited settlement Dover
32%
Largest Island Long Island (in Lake Winnipesaukee)
8%
No matching quizzes found
Score Distribution
Percent of People with Each Score
Percentile by Number Answered
Your Score History
You have not taken this quiz